Top Double Letter Girl Names per Decade Quiz Stats

 Plays Quiz Updated Jan 13, 2015

Challenge
Share
Tweet
Embed
Score 0/60 Timer 08:00
0 Plays Today
Decade Names % Correct
2000Anna
79.3%
1960Jennifer
73.1%
1970Jennifer
73.1%
1980Jennifer
73.1%
1990Jennifer
73.1%
2000Jennifer
73.1%
2000Emma
70.1%
2010Emma
68.2%
2000Jessica
65.1%
1970Jessica
65.1%
1980Jessica
65.1%
1990Jessica
65.1%
1990Hannah
62.4%
2000Hannah
62.4%
2010Hannah
60.5%
2000Ella
59%
1960Melissa
52.8%
1970Melissa
52.8%
1980Melissa
52.8%
1990Melissa
52.8%
2000Isabella
52.7%
2010Isabella
50.6%
1990Rebecca
49.6%
2010Allison
49.6%
1960Rebecca
49.6%
1970Rebecca
49.6%
1980Rebecca
49.6%
1960Kelly
49.5%
1970Kelly
49.5%
1980Kelly
49.5%
Decade Names % Correct
1990Michelle
49.3%
1960Michelle
49.3%
1970Michelle
49.3%
1980Michelle
49.3%
1970Carrie
41.6%
1960Donna
40.5%
1980Danielle
39.4%
1990Danielle
39.4%
1960Debbie
36%
1990Alyssa
34.8%
2000Alyssa
34.8%
1980Brittany
34.3%
1990Brittany
34.3%
2010Alyssa
32.1%
2010Lillian
32%
2010Charlotte
31.7%
1990Brianna
31.4%
2000Brianna
31.4%
1960Tammy
30.3%
1970Tammy
30.3%
2010Addison
29.8%
2010Gabriella
29%
1970Tiffany
28.8%
1980Tiffany
28.8%
1960Kathleen
28.4%
1970Shannon
26.6%
1980Shannon
26.6%
2000Savannah
22.7%
1960Sherry
22%
2010Kaylee
17.4%

You're not logged in!

Compare scores with friends on all Sporcle quizzes.
OR
Log In

You Might Also Like...

Show Comments

Extras

Top Quizzes Today


Score Distribution

Your Account Isn't Verified!

In order to create a playlist on Sporcle, you need to verify the email address you used during registration. Go to your Sporcle Settings to finish the process.

Report this User

Report this user for behavior that violates our Community Guidelines.

Details: